[Event "2021 FIDE Online Olympiad"]
[Site "Chess.com"]
[Date "2021.08.27"]
[Round "2.2"]
[White "Edwards, Emar"]
[Black "Lorne, Ras Malaku"]
[Result "0-1"]
[WhiteElo "1455"]
[BlackElo "2079"]
[PlyCount "48"]
[EventDate "2021.08.27"]
[EventType "team"]
[EventRounds "9"]
[SourceVersionDate "2018.05.14"]
[WhiteTeam "Barbados"]
[BlackTeam "Jamaica"]
[WhiteTeamCountry "BAR"]
[BlackTeamCountry "JAM"]

1. c4 c5 2. b3 Nc6 3. Bb2 e5 4. g3 g6 5. Bg2 Bg7 6. Nf3 Nge7 7. O-O O-O 8. d3
d6 9. Nc3 f5 10. e4 f4 11. Nd5 Nxd5 12. cxd5 Nd4 13. Nxd4 exd4 14. Bc1 Be5 15.
Bd2 Qf6 16. Qf3 g5 17. gxf4 gxf4 18. Kh1 Qh4 19. Rg1 Kh8 20. h3 Bd7 21. Bf1 Rg8
22. Rxg8+ Rxg8 23. Kh2 Bg4 24. Qh1 Bxh3 0-1

[Event "2021 FIDE Online Olympiad"]
[Site "Chess.com"]
[Date "2021.08.27"]
[Round "2.3"]
[White "Miller, Rachel"]
[Black "Figueroa, Julissa"]
[Result "1-0"]
[WhiteElo "2004"]
[BlackElo "1701"]
[PlyCount "105"]
[EventDate "2021.08.27"]
[EventType "team"]
[EventRounds "9"]
[SourceVersionDate "2018.05.14"]
[WhiteTeam "Jamaica"]
[BlackTeam "Barbados"]
[WhiteTeamCountry "JAM"]
[BlackTeamCountry "BAR"]

1. e4 c5 2. Nf3 e6 3. d4 cxd4 4. Nxd4 Nc6 5. Nc3 Qc7 6. g3 a6 7. Bg2 Nf6 8. O-O
Nxd4 9. Qxd4 Bc5 10. Bf4 Bxd4 11. Bxc7 O-O 12. Bd6 Re8 13. Ne2 Ba7 14. c4 Bb8
15. Rfd1 Bxd6 16. Rxd6 Rb8 17. e5 Ng4 18. f4 Ne3 19. Rc1 Nxg2 20. Kxg2 b5 21.
c5 Bb7+ 22. Kf2 Bc6 23. b4 a5 24. a3 axb4 25. axb4 Rb7 26. Ra1 f6 27. Nd4 fxe5
28. fxe5 Bd5 29. Raa6 Rf8+ 30. Ke3 Kf7 31. Rdb6 Rfb8 32. Rxb7 Rxb7 33. Rb6 Rxb6
34. cxb6 Ke7 35. Nxb5 Kd8 36. Nd6 g6 37. Kf4 h6 38. h4 h5 39. Kg5 Bf3 40. Kxg6
Bg4 41. Kg5 Bf3 42. Kf4 Bg4 43. Ne4 Kc8 44. Nf6 Be2 45. Kg5 Kb7 46. Nxd7 Kc6
47. Nc5 Bg4 48. b7 Kc7 49. Kf6 Bf3 50. Nxe6+ Kxb7 51. Nf4 Kc6 52. e6 Kc7 53.
Kf7 1-0

[Event "2021 FIDE Online Olympiad"]
[Site "Chess.com"]
[Date "2021.08.27"]
[Round "2.4"]
[White "Wilson, Hannah"]
[Black "Clarke, Adani"]
[Result "1/2-1/2"]
[WhiteElo "1164"]
[BlackElo "1646"]
[PlyCount "94"]
[EventDate "2021.08.27"]
[EventType "team"]
[EventRounds "9"]
[SourceVersionDate "2018.05.14"]
[WhiteTeam "Barbados"]
[BlackTeam "Jamaica"]
[WhiteTeamCountry "BAR"]
[BlackTeamCountry "JAM"]

1. e4 e6 2. d4 d5 3. exd5 exd5 4. Bd3 Bd6 5. Nf3 Ne7 6. O-O O-O 7. Bg5 f6 8.
Bh4 Bf5 9. c3 c6 10. Qc2 Bxd3 11. Qxd3 Qc7 12. Nbd2 Ng6 13. Bg3 Nf4 14. Qc2
Ne2+ 15. Kh1 Nxg3+ 16. hxg3 Nd7 17. Qb3 Rfe8 18. Rfe1 Kh8 19. Rac1 Nf8 20. Qc2
Ng6 21. b3 Qd7 22. c4 Bb4 23. Qb2 dxc4 24. bxc4 Ba5 25. Rxe8+ Rxe8 26. Nb3 Bb6
27. a4 Qf5 28. Qd2 h5 29. Kh2 h4 30. gxh4 Bc7+ 31. Kg1 Qg4 32. Re1 Rd8 33. Qd3
Nf4 34. Qf1 Kh7 35. Re3 Rd7 36. Nc5 Rf7 37. Nxb7 Bb6 38. Nc5 Bxc5 39. dxc5 Qf5
40. Qd1 Qxc5 41. Qc2+ Ng6 42. Re4 Kg8 43. Re8+ Nf8 44. Ra8 Qb6 45. Re8 Qc5 46.
Ra8 Qb6 47. Re8 Qc5 1/2-1/2

[Event "2021 FIDE Online Olympiad"]
[Site "Chess.com"]
[Date "2021.08.27"]
[Round "2.5"]
[White "Glaves, Raheem"]
[Black "Wilson, Louis"]
[Result "0-1"]
[WhiteElo "1983"]
[BlackElo "1143"]
[PlyCount "94"]
[EventDate "2021.08.27"]
[EventType "team"]
[EventRounds "9"]
[SourceVersionDate "2018.05.14"]
[WhiteTeam "Jamaica"]
[BlackTeam "Barbados"]
[WhiteTeamCountry "JAM"]
[BlackTeamCountry "BAR"]

1. d4 d5 2. Nf3 Nf6 3. Bf4 c5 4. e3 Nc6 5. c3 e6 6. Nbd2 Be7 7. Bd3 O-O 8. Ne5
Re8 9. h4 cxd4 10. exd4 Qb6 11. Rb1 Bd6 12. Ndf3 Qc7 13. Qe2 Bd7 14. h5 h6 15.
g4 Bxe5 16. Nxe5 Nh7 17. Qe3 Qd8 18. Bxh6 f6 19. Ng6 e5 20. Kf1 gxh6 21. Qxh6
Ng5 22. Nh4 e4 23. Qg6+ Kh8 24. Qh6+ Kg8 25. Bc2 Qe7 26. Bb3 Be6 27. Nf5 Qf7
28. Nd6 Qg7 29. Qxg7+ Kxg7 30. Nxe8+ Rxe8 31. Rg1 Nf3 32. Ke2 Nxg1+ 33. Rxg1
Kh6 34. Ke3 Rg8 35. Kf4 f5 36. g5+ Kxh5 37. g6 Kh6 38. Rh1+ Kg7 39. Rh7+ Kf6
40. Rxb7 Na5 41. Rxa7 Nxb3 42. axb3 Rxg6 43. b4 Rg7 44. Ra8 Rh7 45. Ra6 Rh3 46.
Rxe6+ Kxe6 47. b5 Kf6 0-1

[Event "2021 FIDE Online Olympiad"]
[Site "Chess.com"]
[Date "2021.08.27"]
[Round "2.6"]
[White "Moore, Gaybrianna"]
[Black "Brown, Raehanna"]
[Result "0-1"]
[WhiteElo "1321"]
[BlackElo "1540"]
[PlyCount "70"]
[EventDate "2021.08.27"]
[EventType "team"]
[EventRounds "9"]
[SourceVersionDate "2018.05.14"]
[WhiteTeam "Barbados"]
[BlackTeam "Jamaica"]
[WhiteTeamCountry "BAR"]
[BlackTeamCountry "JAM"]

1. d4 Nf6 2. Bf4 g6 3. e3 Bg7 4. Nf3 O-O 5. h3 d6 6. c4 Nbd7 7. Nc3 c5 8. Be2
a6 9. O-O Re8 10. Re1 Qa5 11. d5 Nf8 12. Bd3 Rd8 13. Bc2 b5 14. Bb3 Bd7 15. Qe2
Rdb8 16. Reb1 Qb4 17. Nd2 Qa5 18. a3 Ne8 19. Rc1 bxc4 20. Bxc4 Rxb2 21. Qd3 Bb5
22. Bxb5 axb5 23. Rab1 c4 24. Qe2 Bxc3 25. Rxc3 Qxc3 26. Ne4 Rxb1+ 27. Kh2 Qg7
28. Qc2 Rb2 29. Qc1 Rxa3 30. Nd2 Raa2 31. Nf3 Rxf2 32. Ne1 c3 33. Qb1 Rab2 34.
Qc1 c2 35. Bh6 Rb1 0-1

[Event "2021 FIDE Online Olympiad"]
[Site "Chess.com"]
[Date "2021.08.27"]
[Round "3.1"]
[White "Warner, Delisle"]
[Black "Rodriguez Santiago, Jaime"]
[Result "0-1"]
[WhiteElo "2195"]
[BlackElo "2037"]
[PlyCount "128"]
[EventDate "2021.08.27"]
[EventType "team"]
[EventRounds "9"]
[SourceVersionDate "2018.05.14"]
[WhiteTeam "Barbados"]
[BlackTeam "Puerto Rico"]
[WhiteTeamCountry "BAR"]
[BlackTeamCountry "PUR"]

1. d4 g6 2. c4 d6 3. Nc3 Bg7 4. e4 c5 5. d5 e6 6. f4 Ne7 7. Nf3 O-O 8. Be2 exd5
9. cxd5 a6 10. a4 Nd7 11. O-O f5 12. e5 dxe5 13. d6 Nc6 14. Ng5 Nf6 15. Bc4+
Kh8 16. Nf7+ Rxf7 17. Bxf7 e4 18. Be3 b6 19. a5 Ng4 20. Nd5 Nxe3 21. Nxe3 Bxb2
22. Qd5 Bd7 23. axb6 Bd4 24. Ra3 Nb4 25. Qb3 Qxb6 26. Kh1 Qxd6 27. Nc4 Qf6 28.
Ne5 Bb5 29. Bc4 Bxc4 30. Nxc4 Qe6 31. Ne5 Qxb3 32. Rxb3 Bxe5 33. fxe5 Re8 34.
Rd1 Rxe5 35. Rd8+ Kg7 36. Rc8 e3 37. Rb1 e2 38. Re1 Nd3 39. Rxe2 Rxe2 40. h3 a5
41. Rd8 c4 42. Rd4 Rc2 43. Rd7+ Kh6 44. Ra7 Ra2 45. Rc7 Nb2 46. h4 a4 47. Kh2
a3 48. h5 Kxh5 49. Rxh7+ Kg5 50. Rc7 Ra1 51. Rc6 a2 52. Ra6 c3 53. g4 Kxg4 54.
Rxg6+ Kf4 55. Ra6 c2 56. Rb6 c1=Q 57. Rb4+ Kg5 58. Kg3 Qc3+ 59. Kg2 Qd2+ 60.
Kf3 Qxb4 61. Ke3 Re1+ 62. Kf3 Qg4+ 63. Kf2 Re2+ 64. Kf1 Qg2# 0-1

[Event "2021 FIDE Online Olympiad"]
[Site "Chess.com"]
[Date "2021.08.27"]
[Round "3.2"]
[White "Fellman, Mike"]
[Black "Edwards, Emar"]
[Result "0-1"]
[WhiteElo "1992"]
[BlackElo "1455"]
[PlyCount "68"]
[EventDate "2021.08.27"]
[EventType "team"]
[EventRounds "9"]
[SourceVersionDate "2018.05.14"]
[WhiteTeam "Puerto Rico"]
[BlackTeam "Barbados"]
[WhiteTeamCountry "PUR"]
[BlackTeamCountry "BAR"]

1. d4 d5 2. c4 c6 3. Nc3 e6 4. e4 dxe4 5. Nxe4 Bb4+ 6. Bd2 Qxd4 7. Bxb4 Qxe4+
8. Ne2 Na6 9. Bf8 Qe5 10. Qd2 Ne7 11. Bxe7 Kxe7 12. O-O-O Re8 13. h4 Kf8 14. h5
h6 15. f4 Qc5 16. Nc3 b6 17. g4 Bb7 18. Be2 Rad8 19. Qxd8 Rxd8 20. Rxd8+ Ke7
21. Rhd1 Qe3+ 22. Kb1 Nc5 23. f5 Kf6 24. fxe6 fxe6 25. Rf8+ Ke7 26. Rf3 Qe5 27.
Bd3 Nxd3 28. Rfxd3 Ba6 29. Rd4 c5 30. Re4 Qg3 31. Rde1 Bc8 32. Nd5+ Kf7 33.
Rf1+ Ke8 34. Nc3 Qd3+ 0-1

[Event "2021 FIDE Online Olympiad"]
[Site "Chess.com"]
[Date "2021.08.27"]
[Round "3.3"]
[White "Figueroa, Julissa"]
[Black "Vazquez Maccarini, Danitza"]
[Result "0-1"]
[WhiteElo "1701"]
[BlackElo "2014"]
[PlyCount "66"]
[EventDate "2021.08.27"]
[EventType "team"]
[EventRounds "9"]
[SourceVersionDate "2018.05.14"]
[WhiteTeam "Barbados"]
[BlackTeam "Puerto Rico"]
[WhiteTeamCountry "BAR"]
[BlackTeamCountry "PUR"]

1. e4 e5 2. Nf3 Nc6 3. d4 exd4 4. Nxd4 Bc5 5. Be3 Nxd4 6. Bxd4 Bxd4 7. Qxd4 Qf6
8. e5 Qg6 9. Qd3 Ne7 10. Nc3 O-O 11. f4 d6 12. exd6 cxd6 13. O-O-O Nf5 14. Nd5
Be6 15. g4 Qxg4 16. Be2 Qh4 17. Rdg1 Bxd5 18. Rg4 Bxh1 19. Rxh4 Nxh4 20. Qg3
Nf5 21. Qg4 Be4 22. c3 Rfe8 23. Bb5 Re7 24. Kd2 a6 25. Ba4 b5 26. Bb3 Rae8 27.
Qh5 d5 28. a4 Nd6 29. axb5 axb5 30. Bxd5 Bxd5 31. Qxd5 Nc4+ 32. Kc2 Re2+ 33.
Kb3 Rxb2# 0-1

[Event "2021 FIDE Online Olympiad"]
[Site "Chess.com"]
[Date "2021.08.27"]
[Round "3.4"]
[White "Rivera Negron, Yanira"]
[Black "Wilson, Hannah"]
[Result "1/2-1/2"]
[WhiteElo "1773"]
[BlackElo "1164"]
[PlyCount "108"]
[EventDate "2021.08.27"]
[EventType "team"]
[EventRounds "9"]
[SourceVersionDate "2018.05.14"]
[WhiteTeam "Puerto Rico"]
[BlackTeam "Barbados"]
[WhiteTeamCountry "PUR"]
[BlackTeamCountry "BAR"]

1. d4 d5 2. Nf3 c5 3. e3 Nf6 4. c3 e6 5. Bd3 Nc6 6. O-O Bd6 7. Nbd2 O-O 8. Re1
e5 9. dxe5 Nxe5 10. Nxe5 Bxe5 11. Nf3 Bd6 12. Qc2 Qc7 13. g3 Bg4 14. Nd2 h5 15.
Bf5 h4 16. Bxg4 Nxg4 17. Qf5 Nf6 18. Nf3 hxg3 19. hxg3 Rae8 20. Kg2 Ne4 21. Rh1
g6 22. Qh3 Kg7 23. Qh7+ Kf6 24. Qh4+ Kg7 25. Qh7+ Kf6 26. Qh4+ Kg7 27. Nh2 Rh8
28. Qg4 f5 29. Qf3 Re5 30. b3 Ng5 31. Qd1 Qc6 32. Rf1 d4+ 33. f3 dxe3 34. Qe2
Ree8 35. Bxe3 f4 36. gxf4 Bxf4 37. Ng4 Qe6 38. Rae1 Qf5 39. Qf2 Ne4 40. Qc2 Bb8
41. Bg1 Qf4 42. Bf2 Rh2+ 43. Kg1 Reh8 44. Bd4+ cxd4 45. Nxh2 Rxh2 46. Re2 Qg3+
47. Rg2 Rxg2+ 48. Qxg2 Qxg2+ 49. Kxg2 Nxc3 50. Rf2 Kf6 51. Rd2 Be5 52. f4 Bxf4
53. Rxd4 Be5 54. Rd7 Nxa2 1/2-1/2

[Event "2021 FIDE Online Olympiad"]
[Site "Chess.com"]
[Date "2021.08.27"]
[Round "3.5"]
[White "Roachford, Adam"]
[Black "Gerena Rivas, Eliam"]
[Result "0-1"]
[WhiteElo "1275"]
[BlackElo "1954"]
[PlyCount "72"]
[EventDate "2021.08.27"]
[EventType "team"]
[EventRounds "9"]
[SourceVersionDate "2018.05.14"]
[WhiteTeam "Barbados"]
[BlackTeam "Puerto Rico"]
[WhiteTeamCountry "BAR"]
[BlackTeamCountry "PUR"]

1. e4 c5 2. Nf3 e6 3. c3 d5 4. exd5 Qxd5 5. Na3 Qd8 6. Be2 Nc6 7. O-O Nf6 8.
Nc4 Be7 9. b3 O-O 10. Bb2 Qc7 11. d4 Rd8 12. Qc2 cxd4 13. cxd4 Nb4 14. Qc1 Nbd5
15. Nce5 Qxc1 16. Raxc1 Bd7 17. g3 Be8 18. a3 a6 19. Nd2 Rac8 20. Bd3 Bb5 21.
Bxb5 axb5 22. b4 Nb6 23. f4 Na4 24. Ba1 Nd5 25. Ne4 f6 26. Nd3 b6 27. Rfe1 Kf7
28. g4 Rc4 29. Nb2 Nxb2 30. Bxb2 Nxf4 31. Red1 Ne2+ 32. Kf2 Nxc1 33. Bxc1 Rdxd4
34. Rxd4 Rxd4 35. Ke3 Rc4 36. h4 Rxc1 0-1

[Event "2021 FIDE Online Olympiad"]
[Site "Chess.com"]
[Date "2021.08.27"]
[Round "3.6"]
[White "Richiez Guillen, Ciara Bernadette"]
[Black "Moore, Gaybrianna"]
[Result "0-1"]
[WhiteElo "1417"]
[BlackElo "1321"]
[PlyCount "116"]
[EventDate "2021.08.27"]
[EventType "team"]
[EventRounds "9"]
[SourceVersionDate "2018.05.14"]
[WhiteTeam "Puerto Rico"]
[BlackTeam "Barbados"]
[WhiteTeamCountry "PUR"]
[BlackTeamCountry "BAR"]

1. d4 f5 2. Bg5 h6 3. Bh4 g5 4. Bg3 Nf6 5. Be5 e6 6. Nc3 Bg7 7. Bxf6 Qxf6 8. e3
O-O 9. Bc4 d5 10. Bd3 c6 11. Nf3 Nd7 12. Qd2 g4 13. Ng1 f4 14. O-O-O fxe3 15.
fxe3 Qf2 16. Qxf2 Rxf2 17. Nge2 Rxg2 18. Nf4 Rf2 19. Rdg1 e5 20. Nd1 Rf3 21.
dxe5 Nxe5 22. Be2 Bf5 23. Bxf3 Nxf3 24. Rf1 Be4 25. h3 Nh4 26. Rhg1 Nf3 27. Rg3
Nh2 28. Rf2 Nf3 29. Rxg4 Rf8 30. Ne6 Rf7 31. Nc3 Kh8 32. Nxe4 dxe4 33. Nxg7
Rxg7 34. Rxg7 Kxg7 35. b3 Kf6 36. Rg2 Ng5 37. h4 Nf3 38. Kb2 Nxh4 39. Rg8 Nf5
40. Kc3 h5 41. Rh8 h4 42. Rh7 Kg6 43. Rxb7 h3 44. Rb8 h2 45. Rh8 Nh6 46. Ra8
h1=Q 47. Rxa7 Qe1+ 48. Kc4 Qxe3 49. Rc7 Qe2+ 50. Kc3 Qb5 51. a4 Qe5+ 52. Kc4
Qxc7 53. b4 e3 54. b5 Qe7 55. Kd3 e2 56. a5 e1=Q 57. a6 Qd6+ 58. Kc4 Qd5# 0-1

[Event "2021 FIDE Online Olympiad"]
[Site "Chess.com"]
[Date "2021.08.27"]
[Round "3.1"]
[White "Anquandah, Francis Eric"]
[Black "Christie, Joshua"]
[Result "0-1"]
[WhiteElo "2031"]
[BlackElo "1915"]
[PlyCount "60"]
[EventDate "2021.08.27"]
[EventType "team"]
[EventRounds "9"]
[SourceVersionDate "2018.05.14"]
[WhiteTeam "Ghana"]
[BlackTeam "Jamaica"]
[WhiteTeamCountry "GHA"]
[BlackTeamCountry "JAM"]

1. e4 e6 2. d4 d5 3. Nd2 Nf6 4. e5 Nfd7 5. Bd3 c5 6. c3 Nc6 7. Ngf3 g6 8. O-O
Bg7 9. Bb5 O-O 10. Re1 f6 11. Nf1 fxe5 12. Bxc6 bxc6 13. Bg5 Qc7 14. Be7 Re8
15. Bxc5 e4 16. Ng5 Nxc5 17. dxc5 Qe7 18. Nh3 Qxc5 19. Nf4 e5 20. Ne2 Rb8 21.
Qd2 Rf8 22. Neg3 Rb7 23. b4 Qb6 24. Ne3 Rbf7 25. Rf1 Ba6 26. c4 Bh6 27. b5 Rxf2
28. Qc3 Bxe3 29. Rxf2 Bxf2+ 30. Kh1 Bd4 0-1

[Event "2021 FIDE Online Olympiad"]
[Site "Chess.com"]
[Date "2021.08.27"]
[Round "3.2"]
[White "Lorne, Ras Malaku"]
[Black "Adu Jnr, Lionel"]
[Result "1-0"]
[WhiteElo "2079"]
[BlackElo "1907"]
[PlyCount "69"]
[EventDate "2021.08.27"]
[EventType "team"]
[EventRounds "9"]
[SourceVersionDate "2018.05.14"]
[WhiteTeam "Jamaica"]
[BlackTeam "Ghana"]
[WhiteTeamCountry "JAM"]
[BlackTeamCountry "GHA"]

1. d4 d5 2. c4 c6 3. Nf3 Nf6 4. Nc3 g6 5. Bf4 Bg7 6. e3 a6 7. h3 Bf5 8. cxd5
Nxd5 9. Bg3 Qa5 10. Qb3 b5 11. Be2 Be4 12. O-O Nxc3 13. bxc3 Nd7 14. a4 Bd5 15.
Qc2 Qd8 16. c4 bxc4 17. Bxc4 O-O 18. e4 Bxc4 19. Qxc4 c5 20. Rad1 cxd4 21. Nxd4
Ne5 22. Bxe5 Bxe5 23. Nf5 Qe8 24. f4 e6 25. Nh6+ Kg7 26. Ng4 Rc8 27. Qxa6 Ra8
28. Qd3 Bf6 29. Nxf6 Kxf6 30. Qd4+ Ke7 31. Qd6+ Kf6 32. Qe5+ Ke7 33. Rc1 Qxa4
34. Rc7+ Ke8 35. Qd6 1-0

[Event "2021 FIDE Online Olympiad"]
[Site "Chess.com"]
[Date "2021.08.27"]
[Round "3.3"]
[White "Felix, Tobi"]
[Black "Miller, Rachel"]
[Result "0-1"]
[WhiteElo "1465"]
[BlackElo "2004"]
[PlyCount "90"]
[EventDate "2021.08.27"]
[EventType "team"]
[EventRounds "9"]
[SourceVersionDate "2018.05.14"]
[WhiteTeam "Ghana"]
[BlackTeam "Jamaica"]
[WhiteTeamCountry "GHA"]
[BlackTeamCountry "JAM"]

1. d4 d5 2. Bf4 e6 3. e3 c5 4. c3 Nf6 5. Bd3 Bd6 6. Bg3 Qb6 7. Qc2 c4 8. Be2
Ne4 9. Bxd6 Nxd6 10. b3 Qc6 11. bxc4 Nxc4 12. Nf3 Nd7 13. Nbd2 Ndb6 14. a4 Nxd2
15. Bb5 Nxf3+ 16. gxf3 O-O 17. Bxc6 bxc6 18. h4 Ba6 19. h5 Nc4 20. h6 g6 21. e4
Rab8 22. Qc1 Nb2 23. Kd2 Nd3 24. Qg1 Rb2+ 25. Ke3 dxe4 26. fxe4 f5 27. Qg5 Nxf2
28. Qe7 Re2+ 29. Kf4 fxe4+ 30. Ke5 Rf5+ 31. Kd6 Rf7 32. Qe8+ Rf8 33. Qxe6+ Rf7
34. Qe8+ Rf8 35. Qxc6 Rf6+ 36. Kc7 Rxc6+ 37. Kxc6 Nxh1 38. Rxh1 Rc2 39. Re1
Rxc3+ 40. Kd5 e3 41. Rb1 e2 42. Rb8+ Kf7 43. Rd8 Re3 44. Rd7+ Re7 45. Rxe7+
Kxe7 0-1

[Event "2021 FIDE Online Olympiad"]
[Site "Chess.com"]
[Date "2021.08.27"]
[Round "3.4"]
[White "Clarke, Adani"]
[Black "Barnor, Mary"]
[Result "1-0"]
[WhiteElo "1646"]
[BlackElo "1000"]
[PlyCount "59"]
[EventDate "2021.08.27"]
[EventType "team"]
[EventRounds "9"]
[SourceVersionDate "2018.05.14"]
[WhiteTeam "Jamaica"]
[BlackTeam "Ghana"]
[WhiteTeamCountry "JAM"]
[BlackTeamCountry "GHA"]

1. d4 d5 2. c4 c6 3. Nc3 Nf6 4. Bg5 e6 5. e3 Bb4 6. Qc2 c5 7. dxc5 Bxc5 8. cxd5
exd5 9. Bb5+ Nbd7 10. Nxd5 O-O 11. Bxd7 Bxd7 12. Qxc5 Rc8 13. Qd4 Bc6 14. Nxf6+
gxf6 15. Qxd8 Rcxd8 16. Bxf6 Bxg2 17. Bxd8 Rxd8 18. Rd1 Rc8 19. f3 Bxh1 20. Rd2
Rc1+ 21. Kf2 Ra1 22. a3 Rb1 23. Ne2 Bxf3 24. Kxf3 Rh1 25. Nd4 Rxh2 26. Rxh2 Kg7
27. Nf5+ Kg6 28. Nd6 b6 29. Nc8 a5 30. Nxb6 1-0

[Event "2021 FIDE Online Olympiad"]
[Site "Chess.com"]
[Date "2021.08.27"]
[Round "3.5"]
[White "Acheampong, Dave Quansah Chief"]
[Black "Glaves, Raheem"]
[Result "0-1"]
[WhiteElo "1375"]
[BlackElo "1983"]
[PlyCount "70"]
[EventDate "2021.08.27"]
[EventType "team"]
[EventRounds "9"]
[SourceVersionDate "2018.05.14"]
[WhiteTeam "Ghana"]
[BlackTeam "Jamaica"]
[WhiteTeamCountry "GHA"]
[BlackTeamCountry "JAM"]

1. e4 c6 2. d4 d5 3. exd5 cxd5 4. Bd3 Nf6 5. h3 e6 6. c3 Bd6 7. Nf3 O-O 8. O-O
Nbd7 9. Nbd2 a6 10. Re1 Qc7 11. Nb3 b6 12. Bd2 Bb7 13. Rc1 b5 14. Bg5 h6 15.
Bxf6 Nxf6 16. Qe2 Qb6 17. Ne5 Rfe8 18. Qf3 a5 19. Qe2 Ba6 20. Nd2 b4 21. Bxa6
Qxa6 22. Qxa6 Rxa6 23. Ndf3 bxc3 24. bxc3 Rc8 25. Rc2 Ra7 26. Rec1 Rac7 27. c4
Ba3 28. Rb1 dxc4 29. Rb5 Bb4 30. a3 Bxa3 31. Rxa5 Bb4 32. Ra4 Nd5 33. Rb2 Be7
34. Rc2 f6 35. Nxc4 Nb4 0-1

[Event "2021 FIDE Online Olympiad"]
[Site "Chess.com"]
[Date "2021.08.27"]
[Round "3.2"]
[White "Rodriguez Ulloa, Josue"]
[Black "Lacayo, Rene"]
[Result "0-1"]
[WhiteElo "1707"]
[BlackElo "2260"]
[PlyCount "92"]
[EventDate "2021.08.27"]
[EventType "team"]
[EventRounds "9"]
[SourceVersionDate "2018.05.14"]
[WhiteTeam "Honduras"]
[BlackTeam "Nicaragua"]
[WhiteTeamCountry "HON"]
[BlackTeamCountry "NCA"]

1. e4 c5 2. Nf3 e6 3. d3 d5 4. Nbd2 Nf6 5. g3 Nc6 6. Bg2 Be7 7. O-O O-O 8. Re1
b5 9. e5 Nd7 10. Nf1 Qc7 11. Bf4 Bb7 12. h4 Rfc8 13. N1h2 Bf8 14. h5 h6 15. Ng4
Ne7 16. Nh4 Qd8 17. Qd2 Kh7 18. c4 a6 19. Rad1 Rab8 20. cxb5 axb5 21. d4 cxd4
22. Nf6+ gxf6 23. exf6 Nxf6 24. Bxb8 Rxb8 25. Qxd4 Bg7 26. Qd3+ Kg8 27. Qxb5
Nxh5 28. Qe2 Nf6 29. b4 Qb6 30. b5 Ra8 31. Rb1 Nc8 32. Qc2 Nd6 33. a4 Nfe4 34.
Rec1 Nxf2 35. Kh2 Nc4 36. Qe2 Qd4 37. Rxc4 Qxc4 38. Qxc4 dxc4 39. Bxb7 Rxa4 40.
b6 c3 41. Bc6 c2 42. Rc1 Rc4 43. b7 Be5 44. Bf3 Nd3 45. Be2 Rxh4+ 46. Kg2 Nxc1
0-1

[Event "2021 FIDE Online Olympiad"]
[Site "Chess.com"]
[Date "2021.08.27"]
[Round "3.3"]
[White "Granados Diaz, Maria Esther"]
[Black "Torres Hernandez, Leslie Carolin"]
[Result "0-1"]
[WhiteElo "1797"]
[BlackElo "1861"]
[PlyCount "54"]
[EventDate "2021.08.27"]
[EventType "team"]
[EventRounds "9"]
[SourceVersionDate "2018.05.14"]
[WhiteTeam "Nicaragua"]
[BlackTeam "Honduras"]
[WhiteTeamCountry "NCA"]
[BlackTeamCountry "HON"]

1. e4 e5 2. Nf3 d6 3. d4 exd4 4. Nxd4 Nf6 5. Nc3 Be7 6. Bc4 O-O 7. O-O Nxe4 8.
Nxe4 d5 9. Bd3 dxe4 10. Bxe4 Bf6 11. Be3 Qe7 12. Qf3 Nd7 13. Nf5 Qb4 14. c3
Qxb2 15. Bd4 Bxd4 16. cxd4 Nf6 17. Rab1 Qd2 18. Rfd1 Qxa2 19. Nh6+ Kh8 20. Bd3
Qd5 21. Qf4 Nh5 22. Qe3 Qe6 23. Qxe6 Bxe6 24. Nf5 b6 25. Rb5 Nf4 26. Bb1 a6 27.
Rb3 Bxb3 0-1

[Event "2021 FIDE Online Olympiad"]
[Site "Chess.com"]
[Date "2021.08.27"]
[Round "3.4"]
[White "Ortiz, Katherine Berenice"]
[Black "Narvaez Talavera, Joanie Ellen"]
[Result "1-0"]
[WhiteElo "1842"]
[BlackElo "1743"]
[PlyCount "81"]
[EventDate "2021.08.27"]
[EventType "team"]
[EventRounds "9"]
[SourceVersionDate "2018.05.14"]
[WhiteTeam "Honduras"]
[BlackTeam "Nicaragua"]
[WhiteTeamCountry "HON"]
[BlackTeamCountry "NCA"]

1. e4 c6 2. d4 d5 3. exd5 cxd5 4. Bd3 Nc6 5. Nf3 Bg4 6. c3 Nf6 7. O-O e6 8. Bg5
Be7 9. Nbd2 h6 10. Bh4 O-O 11. h3 Bxf3 12. Nxf3 a6 13. Re1 b5 14. a3 Qb6 15.
Ne5 Qb7 16. Nxc6 Qxc6 17. Rc1 a5 18. Qe2 Rab8 19. Bg3 Rb7 20. Be5 Nd7 21. Bf4
Bf6 22. Qg4 Kh8 23. Qh5 Rc8 24. Bxh6 gxh6 25. Qxh6+ Kg8 26. Re3 Ne5 27. dxe5
Bg7 28. Rg3 f5 29. exf6 Rcc7 30. fxg7 Rxg7 31. Rxg7+ Rxg7 32. Re1 d4 33. Qxe6+
Qxe6 34. Rxe6 dxc3 35. bxc3 Rc7 36. Bxb5 Rxc3 37. a4 Kf7 38. Ra6 Rc1+ 39. Kh2
Rc2 40. Kg3 Rc3+ 41. f3 1-0

[Event "2021 FIDE Online Olympiad"]
[Site "Chess.com"]
[Date "2021.08.27"]
[Round "3.5"]
[White "Salazar Cabezas, Alberto Javier"]
[Black "Chahin Godoy, Angel Eduardo"]
[Result "1-0"]
[WhiteElo "2124"]
[BlackElo "1342"]
[PlyCount "61"]
[EventDate "2021.08.27"]
[EventType "team"]
[EventRounds "9"]
[SourceVersionDate "2018.05.14"]
[WhiteTeam "Nicaragua"]
[BlackTeam "Honduras"]
[WhiteTeamCountry "NCA"]
[BlackTeamCountry "HON"]

1. Nf3 Nf6 2. c4 c6 3. Nc3 d5 4. e3 g6 5. d4 Bg7 6. Be2 O-O 7. O-O b6 8. Ne5
Bb7 9. cxd5 cxd5 10. b3 Nbd7 11. f4 Rc8 12. Bb2 Nxe5 13. dxe5 Ne4 14. Nxe4 dxe4
15. Bd4 e6 16. Qd2 Qe7 17. a4 Bd5 18. Rfb1 Rc7 19. Bd1 g5 20. a5 b5 21. a6 gxf4
22. exf4 Bh6 23. Ra5 b4 24. Rb5 Rfc8 25. g3 Rc6 26. Rb7 R8c7 27. Rxb4 e3 28.
Rb8+ Kg7 29. Qxe3 Qa3 30. Qe2 Rc1 31. Qg4+ 1-0

[Event "2021 FIDE Online Olympiad"]
[Site "Chess.com"]
[Date "2021.08.27"]
[Round "3.6"]
[White "Viana, Valeria"]
[Black "Cabezas Calero, Abigail Carolina"]
[Result "0-1"]
[WhiteElo "1325"]
[BlackElo "1382"]
[PlyCount "82"]
[EventDate "2021.08.27"]
[EventType "team"]
[EventRounds "9"]
[SourceVersionDate "2018.05.14"]
[WhiteTeam "Honduras"]
[BlackTeam "Nicaragua"]
[WhiteTeamCountry "HON"]
[BlackTeamCountry "NCA"]

1. e4 e6 2. Nf3 d5 3. exd5 exd5 4. d4 Nc6 5. Bf4 Bg4 6. Be2 Nf6 7. c3 Be7 8.
Nbd2 O-O 9. O-O Bd6 10. Bxd6 Qxd6 11. Bd3 Rfe8 12. Qc2 Bh5 13. Nh4 Be2 14. Rfe1
Bxd3 15. Qxd3 Ng4 16. Nhf3 Qg6 17. Qb5 Qd6 18. h3 a6 19. Qd3 Nf6 20. Nf1 Ne7
21. N1h2 Ng6 22. Ng4 Nxg4 23. hxg4 Qf4 24. Nh2 Re4 25. Rxe4 Qxe4 26. Qf3 Re8
27. Qf5 Nf4 28. Qxe4 dxe4 29. b3 e3 30. fxe3 Rxe3 31. c4 h6 32. d5 Rd3 33. Nf3
Kf8 34. Re1 Ng6 35. Ne5 Nxe5 36. Rxe5 Rd2 37. Re1 Rxa2 38. Rd1 Ra3 39. d6 cxd6
40. Rxd6 Rxb3 41. c5 a5 0-1

[Event "2021 FIDE Online Olympiad"]
[Site "Chess.com"]
[Date "2021.08.27"]
[Round "3.1"]
[White "Eichab, Charles"]
[Black "Tapia, Alexei"]
[Result "0-1"]
[WhiteElo "2016"]
[BlackElo "1983"]
[PlyCount "80"]
[EventDate "2021.08.27"]
[EventType "team"]
[EventRounds "9"]
[SourceVersionDate "2018.05.14"]
[WhiteTeam "Namibia"]
[BlackTeam "Panama"]
[WhiteTeamCountry "NAM"]
[BlackTeamCountry "PAN"]

1. c4 Nf6 2. Nf3 e6 3. g3 b6 4. Bg2 Bb7 5. b3 c5 6. Bb2 Be7 7. O-O O-O 8. d4
cxd4 9. Nxd4 Bxg2 10. Kxg2 d5 11. cxd5 Qxd5+ 12. f3 Rd8 13. e4 Qb7 14. Qe2 Na6
15. Nd2 Nc5 16. Nc4 Rac8 17. Rfd1 a6 18. Rac1 Bf8 19. Ba1 h6 20. b4 Ncd7 21. a3
Rc7 22. Bb2 Rdc8 23. Ne3 Rxc1 24. Rxc1 Rxc1 25. Bxc1 Ne5 26. Nc4 Nfd7 27. Nxe5
Nxe5 28. f4 Nd7 29. Qc2 Nf6 30. Kf3 a5 31. Qc6 Qb8 32. b5 Qd8 33. Qc4 Bc5 34.
Nc6 Qd1+ 35. Kg2 Ng4 36. Qf1 Qc2+ 37. Kh3 Nf2+ 38. Kh4 Qxe4 39. Ne5 Be7+ 40.
Kh5 Qf5# 0-1